[Event "Sardinia World Open A"]
[Site "Orosei ITA"]
[Date "2026.05.06"]
[Round "5.24"]
[White "Sai, Krishna G V"]
[Black "Lokesh, N."]
[Result "1-0"]
[WhiteTitle "IM"]
[WhiteElo "2443"]
[BlackElo "2248"]
[WhiteFideId "5028280"]
[BlackFideId "5025044"]
[EventDate "2026.05.03"]

1. e4 e5 2. Nf3 Nc6 3. Bb5 a6 4. Ba4 Bc5 5. O-O Nge7 6. Nxe5 Nxe5 7. d4 Ba7 8.
dxe5 Ng6 9. Kh1 Nxe5 10. Qh5 Qf6 11. Nc3 c6 12. f4 b5 13. Qd1 bxa4 14. fxe5 Qe6
15. Nxa4 O-O 16. Bf4 f6 17. exf6 Qxe4 18. fxg7 Rf6 19. Nc3 Qd4 20. Qh5 Rxf4 21.
Ne2 Rxf1+ 22. Rxf1 1-0

[Event "Sardinia World Open A"]
[Site "Orosei ITA"]
[Date "2026.05.06"]
[Round "5.25"]
[White "Petcu, Gabriel"]
[Black "Bai, Adelard"]
[Result "1/2-1/2"]
[WhiteTitle "FM"]
[BlackTitle "IM"]
[WhiteElo "2323"]
[BlackElo "2436"]
[WhiteFideId "28548485"]
[BlackFideId "16301188"]
[EventDate "2026.05.03"]

1. e4 e5 2. Nf3 Nc6 3. Bb5 a6 4. Ba4 Nge7 5. c3 Ng6 6. O-O d5 7. exd5 Qxd5 8. d4
Bg4 9. Bb3 Bxf3 10. Bxd5 Bxd1 11. Rxd1 O-O-O 12. Bxf7 exd4 13. Bg5 Be7 14. Bxe7
Ngxe7 15. cxd4 Nxd4 16. Nc3 b5 17. a3 Rhf8 18. Ba2 c5 19. Rac1 Kb7 20. Re1 Nec6
21. Bd5 Rfe8 22. Be4 h6 23. f3 c4 24. Nd5 Nb3 25. Rcd1 Nc5 26. Nc3 Nxe4 27. Nxe4
Kb6 28. Kf1 Rxd1 29. Rxd1 Rd8 30. Rxd8 Nxd8 31. Ke2 Ne6 32. Ke3 Nc5 33. Nxc5
Kxc5 34. f4 a5 35. g4 b4 36. h4 c3 37. axb4+ Kxb4 38. bxc3+ Kxc3 39. f5 a4 40.
g5 hxg5 41. hxg5 a3 42. f6 gxf6 43. g6 a2 44. g7 a1=Q 45. g8=Q Qe1+ 46. Kf3 Qf1+
47. Ke3 Qd3+ 48. Kf4 Qd4+ 49. Kf3 Qc5 50. Qe6 Qh5+ 51. Qg4 Qh1+ 52. Kf4 Qe1 53.
Qg3+ Qxg3+ 54. Kxg3 Kd4 55. Kf4 Kd5 56. Kf5 Kd4 57. Kxf6 1/2-1/2

[Event "Sardinia World Open A"]
[Site "Orosei ITA"]
[Date "2026.05.06"]
[Round "5.26"]
[White "Solomon, Kenneth Terence"]
[Black "Favaloro, Andrea"]
[Result "1/2-1/2"]
[WhiteTitle "GM"]
[BlackTitle "IM"]
[WhiteElo "2270"]
[BlackElo "2395"]
[WhiteFideId "14300192"]
[BlackFideId "885940"]
[EventDate "2026.05.03"]

1. e4 e5 2. Nf3 Nc6 3. Bb5 a6 4. Ba4 Nf6 5. O-O Nxe4 6. d4 b5 7. Bb3 d5 8. dxe5
Be6 9. Nbd2 Be7 10. c3 Nc5 11. Bc2 d4 12. Nb3 d3 13. Bb1 Nxb3 14. axb3 Bf5 15.
h4 O-O 16. Re1 Qd7 17. Bg5 Rfd8 18. b4 Bxg5 19. hxg5 a5 20. Nh4 d2 21. Bxf5
dxe1=Q+ 22. Qxe1 Qd5 23. Qe4 Qxe4 24. Bxe4 axb4 25. Rxa8 Rxa8 26. Bxc6 Ra1+ 27.
Kh2 b3 28. Bxb5 Rb1 29. Bc4 Rxb2 30. Nf3 c5 31. e6 fxe6 1/2-1/2

[Event "Sardinia World Open A"]
[Site "Orosei ITA"]
[Date "2026.05.06"]
[Round "5.27"]
[White "Urbani, Gabriel"]
[Black "Niedbala, Bartlomiej"]
[Result "1/2-1/2"]
[WhiteTitle "FM"]
[BlackTitle "IM"]
[WhiteElo "2258"]
[BlackElo "2378"]
[WhiteFideId "2830138"]
[BlackFideId "21834008"]
[EventDate "2026.05.03"]

1. e4 c6 2. d4 d5 3. e5 Bf5 4. h4 a6 5. Bd3 Bxd3 6. Qxd3 e6 7. Ne2 c5 8. Nd2 Nd7
9. Nf3 Ne7 10. c3 Nc6 11. O-O Rc8 12. Bf4 Be7 13. h5 h6 14. Rfe1 Qb6 15. Qd2 Na5
16. b3 Nc6 17. Rac1 cxd4 18. Nexd4 Nxd4 19. cxd4 Rd8 20. Qe3 Nb8 21. Bg3 Nc6 22.
Red1 Rc8 23. Bh4 Ba3 24. Rc2 O-O 25. Re2 Qb5 26. g4 Nb4 27. g5 Bc1 28. Rxc1
Rxc1+ 29. Qxc1 Qxe2 30. gxh6 Qxf3 31. Qg5 g6 32. hxg6 Nc6 33. gxf7+ Kxf7 34.
Qg7+ Ke8 35. h7 Qd1+ 36. Kg2 Qf3+ 37. Kg1 Qd1+ 38. Kg2 Qf3+ 1/2-1/2

[Event "Sardinia World Open A"]
[Site "Orosei ITA"]
[Date "2026.05.06"]
[Round "5.29"]
[White "Aadhya V"]
[Black "Kantane, Anna"]
[Result "1-0"]
[BlackTitle "WIM"]
[WhiteElo "2040"]
[BlackElo "2216"]
[WhiteFideId "33432066"]
[BlackFideId "1135988"]
[EventDate "2026.05.03"]

1. d4 Nf6 2. c4 e6 3. Nc3 Bb4 4. Qc2 c5 5. dxc5 O-O 6. a3 Bxc5 7. Nf3 Nc6 8. e3
d5 9. b4 Be7 10. Bb2 dxc4 11. Bxc4 a6 12. Bd3 Qc7 13. O-O Bd7 14. b5 axb5 15.
Nxb5 Qa5 16. Rad1 e5 17. Ng5 g6 18. Bc4 Rac8 19. Nd6 Nd4 20. exd4 Bxd6 21. Qb3
Ba4 22. Bxf7+ Kg7 23. Qe6 exd4 24. Rxd4 Qe5 25. Rh4 Qxb2 26. Rxh7+ Nxh7 27.
Qxg6+ Kh8 28. Qxh7# 1-0

[Event "Sardinia World Open A"]
[Site "Orosei ITA"]
[Date "2026.05.06"]
[Round "5.30"]
[White "Saine, Zachary"]
[Black "Kreken, Eivind Grunt"]
[Result "0-1"]
[BlackTitle "FM"]
[WhiteElo "2135"]
[BlackElo "2325"]
[WhiteFideId "2624346"]
[BlackFideId "1532359"]
[EventDate "2026.05.03"]

1. e4 g6 2. d4 Bg7 3. Nc3 d6 4. Be3 a6 5. Qd2 b5 6. a3 Nd7 7. h4 Ngf6 8. f3 Nb6
9. O-O-O h5 10. Nh3 Bxh3 11. gxh3 Nfd7 12. f4 c5 13. dxc5 Nxc5 14. e5 O-O 15.
Qf2 Rc8 16. Bd4 Nba4 17. Nxa4 bxa4 18. Kb1 dxe5 19. fxe5 Qc7 20. Qe3 Rfd8 21.
Bg2 Nd7 22. e6 Qxc2+ 23. Ka1 Nc5 24. exf7+ Kh7 25. f8=N+ Bxf8 26. Ka2 Qxg2 27.
Bxc5 Bg7 28. Rb1 Rd2 0-1

[Event "Sardinia World Open A"]
[Site "Orosei ITA"]
[Date "2026.05.06"]
[Round "5.31"]
[White "Hardaway, Brewington"]
[Black "Kavutskiy, Kostya"]
[Result "1/2-1/2"]
[WhiteTitle "GM"]
[BlackTitle "IM"]
[WhiteElo "2510"]
[BlackElo "2318"]
[WhiteFideId "30941849"]
[BlackFideId "2026384"]
[EventDate "2026.05.03"]

1. d4 Nf6 2. c4 g6 3. g3 Bg7 4. Bg2 O-O 5. Nc3 d6 6. Nf3 Bf5 7. O-O Ne4 8. Nh4
Nxc3 9. bxc3 Bc8 10. f4 Nd7 11. f5 e6 12. e4 e5 13. Be3 exd4 14. cxd4 c5 15.
dxc5 Nxc5 16. Bd4 Be5 17. Qd2 g5 18. Nf3 f6 19. Rad1 Bxd4+ 20. Qxd4 Qb6 21. Rb1
Qc7 22. Rfd1 Bd7 23. Qxd6 Qxd6 24. Rxd6 Bc6 25. e5 fxe5 26. Nxe5 Bxg2 27. Kxg2
Rxf5 28. Ng4 Kg7 29. Re1 Raf8 30. Re7+ R8f7 31. Rxf7+ Rxf7 32. Rd5 Ne6 33. Re5
h5 34. Nf2 Kf6 35. Ra5 Rc7 36. Ne4+ Kg6 37. Re5 Rc6 38. Kf2 g4 39. Ke3 Ng7 40.
Kd3 Ra6 41. Nc3 Nf5 42. c5 h4 43. gxh4 Nxh4 44. Re4 Kg5 45. Re7 Nf3 46. Rxb7
Nxh2 47. Kc4 Nf3 48. Kd5 Ra3 49. Rb3 Ra5 50. Rb8 Ra3 51. Rg8+ Kf5 52. Kc4 Ne5+
53. Kb4 Ra6 54. Kb5 Ra3 55. Kb4 Ra6 56. Kb5 Ra3 57. Kb4 1/2-1/2

[Event "Sardinia World Open A"]
[Site "Orosei ITA"]
[Date "2026.05.06"]
[Round "5.34"]
[White "Jirasek, Pavel"]
[Black "Aamuktha Guntaka"]
[Result "0-1"]
[WhiteTitle "FM"]
[BlackTitle "WFM"]
[WhiteElo "2371"]
[BlackElo "2152"]
[WhiteFideId "319848"]
[BlackFideId "33486697"]
[EventDate "2026.05.03"]

1. c4 e5 2. Nc3 Bb4 3. e4 Nc6 4. Nge2 d6 5. a3 Bxc3 6. Nxc3 Nge7 7. d3 O-O 8. g3
f5 9. exf5 Bxf5 10. Bg2 Qd7 11. h3 Rae8 12. Be3 Ng6 13. Ne4 Nd4 14. Bxd4 exd4
15. Qb3 c5 16. O-O-O Bxe4 17. Bxe4 Rxf2 18. Qxb7 Qxb7 19. Bxb7 Ree2 20. Bd5+ Kh8
21. b4 Ra2 22. Kb1 cxb4 23. axb4 Rfb2+ 24. Kc1 Rxb4 25. Rhf1 Rb8 26. Rf5 Rab2
27. Be4 Ne5 28. Rf8+ Rxf8 29. Kxb2 Rf2+ 30. Ka3 g6 31. Rb1 Rd2 32. Rb3 Kg7 33.
Kb4 Kf6 34. Kb5 Ke6 35. Bd5+ Kf6 36. Be4 Ke6 37. Bd5+ Kd7 38. Ka6 Ra2+ 39. Kb5
Kc7 40. Be4 Nd7 41. Rb1 Nc5 42. Rf1 a6+ 43. Kb4 Kb6 44. Rf6 a5# 0-1

[Event "Sardinia World Open A"]
[Site "Orosei ITA"]
[Date "2026.05.06"]
[Round "5.41"]
[White "Swara Lakshmi S Nair"]
[Black "Hercegovac, Neven"]
[Result "1/2-1/2"]
[WhiteTitle "WFM"]
[BlackTitle "FM"]
[WhiteElo "2098"]
[BlackElo "2307"]
[WhiteFideId "25629239"]
[BlackFideId "2839135"]
[EventDate "2026.05.03"]

1. e4 c5 2. Nf3 Nc6 3. d4 cxd4 4. Nxd4 Nf6 5. Nc3 e5 6. Ndb5 d6 7. Nd5 Nxd5 8.
exd5 Ne7 9. a4 a6 10. Nc3 Ng6 11. Be3 Be7 12. a5 O-O 13. h4 f5 14. h5 Nh8 15. h6
g6 16. Qd2 Nf7 17. f3 Bh4+ 18. Bf2 Bg5 19. Be3 Bh4+ 20. Bf2 Bg5 21. Be3 Bxe3 22.
Qxe3 Bd7 23. Qd2 Qf6 24. Be2 Rae8 25. O-O-O Qd8 26. Na2 Qc7 27. Qb4 Rb8 28. Qb6
Rfc8 29. Qxc7 Rxc7 30. b3 Rc5 31. b4 Rc7 32. Kd2 b6 33. axb6 Rxb6 34. c4 f4 35.
Rb1 Bf5 36. Rb3 e4 37. fxe4 Bxe4 38. Rf1 g5 39. g3 fxg3 40. Rxg3 Bg6 41. Rf6
Nxh6 42. c5 Rb8 43. Rxd6 Nf5 44. Rb6 Rxb6 45. cxb6 Rb7 46. Rxg5 Rxb6 47. Bd3 Ne7
48. Kc3 Kf7 49. Bxg6+ hxg6 50. Kc4 Kf6 51. Rg1 Rb8 52. Nc3 Rc8+ 53. Kd3 Rd8 54.
Kc4 Nf5 55. Kd3 Rb8 56. Ra1 Rb6 57. Kc4 Ke5 1/2-1/2

[Event "Sardinia World Open A"]
[Site "Orosei ITA"]
[Date "2026.05.07"]
[Round "6.1"]
[White "Jacobson, Brandon"]
[Black "Svane, Frederik"]
[Result "1/2-1/2"]
[WhiteTitle "GM"]
[BlackTitle "GM"]
[WhiteElo "2594"]
[BlackElo "2645"]
[WhiteFideId "30901561"]
[BlackFideId "12923044"]
[EventDate "2026.05.03"]

1. e4 e5 2. Nf3 Nc6 3. Bc4 Nf6 4. d3 Bc5 5. Nc3 d6 6. Na4 Bb6 7. a3 h6 8. h3 Qe7
9. b4 Be6 10. Bxe6 Qxe6 11. c4 Ne7 12. O-O O-O 13. Qc2 Ng6 14. Re1 Nd7 15. Rb1
c6 16. c5 dxc5 17. Nxc5 Nxc5 18. bxc5 Ba5 19. Rd1 b5 20. cxb6 Bxb6 21. Be3 Bxe3
22. fxe3 Rfb8 23. Nd2 Qd6 24. Nc4 Qc7 25. Rbc1 Rb5 26. Rf1 Rab8 27. Rf3 Qd7 28.
Rcf1 f6 29. Kh2 Nf8 30. Rg3 Kh8 31. d4 exd4 32. exd4 Qxd4 33. Rd1 Qc5 34. e5 f5
35. Rc3 Qe7 36. Qxf5 Rc5 37. Rdd3 Ne6 38. Qg4 Rf8 39. Rf3 Rxf3 40. Rxf3 Rd5 41.
Rb3 Rd4 42. Rb8+ Rd8 43. Rxd8+ Nxd8 44. Qc8 Kh7 45. Qf5+ Kg8 46. Nd6 Nf7 47.
Qc8+ Kh7 48. Qf5+ Kg8 49. Qc8+ 1/2-1/2

[Event "Sardinia World Open A"]
[Site "Orosei ITA"]
[Date "2026.05.07"]
[Round "6.2"]
[White "Nepomniachtchi, Ian"]
[Black "Maghsoodloo, Parham"]
[Result "1/2-1/2"]
[WhiteTitle "GM"]
[BlackTitle "GM"]
[WhiteElo "2729"]
[BlackElo "2710"]
[WhiteFideId "4168119"]
[BlackFideId "12539929"]
[EventDate "2026.05.03"]

1. e4 c5 2. Nf3 d6 3. d4 cxd4 4. Nxd4 Nf6 5. Nc3 a6 6. Be3 e5 7. Nb3 Be7 8. f3
Be6 9. Qd2 h5 10. Be2 Nbd7 11. Nd5 Bxd5 12. exd5 O-O 13. Na5 Qc8 14. O-O Bd8 15.
c4 Bb6 16. Bxb6 Nxb6 17. b4 Qc7 18. Rac1 Rad8 19. Bd3 Nc8 20. Kh1 Rfe8 21. Qg5
Qe7 22. Rce1 Rd7 23. f4 e4 24. Bc2 Rc7 25. Re3 g6 26. h3 Kg7 27. Rfe1 Qd8 28.
Qg3 h4 29. Qxh4 Nxd5 30. Qxd8 Rxd8 31. cxd5 Rxc2 32. Rxe4 Rxa2 33. Nxb7 Rd7 34.
Na5 Nb6 35. Nc4 Nxd5 36. Rd4 Nxb4 37. Rb1 Nc2 38. Rxd6 Rxd6 39. Nxd6 Ra1 40.
Rxa1 Nxa1 41. Nc4 Nb3 42. g4 a5 43. Kg2 a4 44. Kf3 Nd4+ 45. Ke3 Nb5 46. Kd2 Nd4
47. Ke3 Nb5 1/2-1/2

[Event "Sardinia World Open A"]
[Site "Orosei ITA"]
[Date "2026.05.07"]
[Round "6.3"]
[White "Martirosyan, Haik M."]
[Black "Amar, Elham"]
[Result "1-0"]
[WhiteTitle "GM"]
[BlackTitle "GM"]
[WhiteElo "2636"]
[BlackElo "2576"]
[WhiteFideId "13306553"]
[BlackFideId "1533533"]
[EventDate "2026.05.03"]

1. d4 Nf6 2. c4 e6 3. Nf3 b6 4. g3 Bb7 5. Bg2 Be7 6. Nc3 d5 7. cxd5 Nxd5 8. Nxd5
exd5 9. O-O O-O 10. Bf4 Nd7 11. Qc2 c5 12. dxc5 bxc5 13. Rfd1 Re8 14. Ne1 Nf6
15. Bg5 Qb6 16. Rac1 Rad8 17. Bxf6 Bxf6 18. Qxc5 Rxe2 19. Qxb6 axb6 20. Nd3 g6
21. Bf3 Re7 22. b3 Rd6 23. Nb4 Kg7 24. Rd3 Red7 25. Rcd1 d4 26. Bxb7 Rxb7 27.
Rc1 Re7 28. Kf1 h5 29. h4 Rde6 30. Rdd1 Rd7 31. Nd3 Ra7 32. Rc2 b5 33. Re1 Rea6
34. Ree2 Be7 35. Ke1 Bd6 36. Kd1 Ba3 37. Re5 Bf8 38. Rxb5 Rxa2 39. Rxa2 Rxa2 40.
b4 Ra3 41. Kc2 Rc3+ 42. Kd2 Rb3 43. Ke2 Kf6 44. Rd5 Bxb4 45. Rb5 Rxd3 46. Kxd3
Be1 47. Rb1 Bc3 48. Rb8 Be1 49. Ke2 Bc3 50. Re8 Kf5 51. Kd3 Kf6 52. Re4 Bb2 53.
Rf4+ Ke6 54. Kc4 Bc3 55. Rf3 Bb2 56. Kd3 Ba1 57. Rf4 Bc3 58. Re4+ Kf5 59. f3 Kf6
60. Rf4+ Ke6 61. g4 hxg4 62. fxg4 f5 63. g5 Ke5 64. Rf2 f4 65. h5 gxh5 66. Rxf4
h4 67. Rf1 Kd5 1-0

[Event "Sardinia World Open A"]
[Site "Orosei ITA"]
[Date "2026.05.07"]
[Round "6.4"]
[White "Mendonca, Leon Luke"]
[Black "Sonis, Francesco"]
[Result "1/2-1/2"]
[WhiteTitle "GM"]
[BlackTitle "GM"]
[WhiteElo "2613"]
[BlackElo "2556"]
[WhiteFideId "35028561"]
[BlackFideId "895733"]
[EventDate "2026.05.03"]

1. d4 Nf6 2. c4 e6 3. g3 Bb4+ 4. Bd2 Be7 5. Bg2 d5 6. Nf3 O-O 7. O-O c6 8. Bf4
b6 9. Nc3 Bb7 10. Qb3 Nbd7 11. cxd5 Nxd5 12. Nxd5 exd5 13. Rac1 Re8 14. Rfd1 Bf6
15. Rd2 g5 16. Be3 h5 17. Qd3 Kg7 18. Qf5 Rxe3 19. fxe3 Qe7 20. e4 dxe4 21. Ne5
Bxe5 22. dxe5 Nxe5 23. Qxe4 Re8 24. h3 Bc8 25. Rc3 f6 26. b4 Be6 27. a4 Rd8 28.
Rd4 Rd6 29. Rxd6 Qxd6 30. Kf2 Bf7 31. b5 Bg6 32. Qe3 c5 33. Rc1 Bf5 34. Kg1 Qd7
35. Kh2 c4 36. Rf1 Bg6 37. Qc3 Qd6 38. Kh1 Qc5 39. Kh2 Qc7 40. Kh1 Qd6 41. Kg1
Bf7 42. Kh1 Be6 43. Ra1 Qc5 44. Rf1 Qd6 45. Ra1 Qc5 46. Rf1 Qd6 1/2-1/2

[Event "Sardinia World Open A"]
[Site "Orosei ITA"]
[Date "2026.05.07"]
[Round "6.5"]
[White "Smirin, Ilia"]
[Black "Puranik, Abhimanyu"]
[Result "1/2-1/2"]
[WhiteTitle "GM"]
[BlackTitle "GM"]
[WhiteElo "2562"]
[BlackElo "2607"]
[WhiteFideId "2801990"]
[BlackFideId "5061245"]
[EventDate "2026.05.03"]

1. e4 e5 2. Nf3 Nc6 3. Bb5 a6 4. Ba4 Nf6 5. O-O Bc5 6. c3 Ba7 7. d4 b5 8. Bb3 d6
9. dxe5 Nxe5 10. Nxe5 dxe5 11. Qxd8+ Kxd8 12. Nd2 Bb7 13. Nf3 Nxe4 14. Nxe5 Ke7
15. Nf3 Rhe8 16. Bf4 Bb6 17. Rae1 Kf8 18. Be3 Bxe3 19. Rxe3 Nc5 20. Nd4 Nxb3 21.
Nxb3 Rxe3 22. fxe3 Bd5 23. Rd1 c6 24. Nc5 a5 25. b3 Re8 26. Kf2 f5 1/2-1/2

[Event "Sardinia World Open A"]
[Site "Orosei ITA"]
[Date "2026.05.07"]
[Round "6.6"]
[White "Dardha, Daniel"]
[Black "Suyarov, Mukhammadzokhid"]
[Result "0-1"]
[WhiteTitle "GM"]
[BlackTitle "IM"]
[WhiteElo "2602"]
[BlackElo "2534"]
[WhiteFideId "240990"]
[BlackFideId "14210495"]
[EventDate "2026.05.03"]

1. e4 e5 2. Nf3 Nf6 3. Nxe5 d6 4. Nc4 Nxe4 5. Qe2 Qe7 6. Ne3 Nc6 7. Nc3 Nf6 8.
b4 Nd4 9. Qd3 c5 10. Ne2 Nc6 11. bxc5 dxc5 12. Bb2 Be6 13. Nf4 Bd7 14. g3 Ne5
15. Qe2 Bc6 16. O-O-O Bxh1 17. Nf5 Bf3 18. Qe1 Nd3+ 19. Nxd3 Qxe1 20. Rxe1+ Kd8
21. Nh6 Kc7 22. Ne5 Bd5 23. Nexf7 Re8 24. Rxe8 Nxe8 25. Nxh8 gxh6 26. Bd3 Bg8
27. f4 Kd6 28. Be4 b6 29. d4 Ke7 30. dxc5 bxc5 31. Ba3 Bg7 32. Bxc5+ Nd6 33. Nf7
Bxf7 34. Bxh7 a5 35. a3 Kd7 36. g4 Kc6 37. Bf2 Nc4 38. a4 Bc3 39. Be4+ Kd7 40.
Bf5+ Kd6 41. g5 hxg5 42. fxg5 Bd2+ 43. Kb1 Bxg5 44. Bd3 Nd2+ 45. Kb2 Bf6+ 46. c3
Bd8 47. Bg3+ Kd5 48. Bb5 Ne4 49. Be1 Nd6 50. Bd3 Nc4+ 51. Kb3 Ne5 52. Be2 Ke4+
53. Kc2 Be8 54. Bb5 Bf7 55. Bg3 Nc4 56. Bc6+ Ke3 57. Bd7 Bd5 58. Be8 Bf6 59. Bc7
Be5 60. Bxe5 Nxe5 61. h4 Be4+ 62. Kb3 Kd2 63. Bb5 Bc2+ 64. Kb2 Bd1 65. Ba6 Ng6
66. c4 Nxh4 67. c5 Nf5 68. c6 Nd6 69. c7 Bg4 70. Bb5 Be6 71. Ba6 Ke3 72. Kc3 Ke4
73. Bb5 Kd5 74. Ba6 Kc5 75. Bf1 Ne8 76. Bc4 Nxc7 77. Bb5 Nd5+ 78. Kb3 Nb6+ 79.
Ka3 Kd4 80. Kb2 Bd7 81. Bf1 Ke3 82. Kc3 Nxa4+ 83. Kb3 Kd2 84. Ka3 Kc3 85. Be2
Nc5 86. Bf3 Nb3 87. Bd5 Nd4 88. Be4 Nb5+ 89. Ka2 a4 90. Ka1 Kb3 91. Bf5 Bc6 92.
Be6+ Ka3 93. Kb1 Be4+ 94. Ka1 Nd4 95. Bf7 Bf5 96. Bd5 Be6 97. Ba2 Nc2+ 98. Kb1
Bb3 0-1

[Event "Sardinia World Open A"]
[Site "Orosei ITA"]
[Date "2026.05.07"]
[Round "6.7"]
[White "Ohanyan, Emin"]
[Black "Lodici, Lorenzo"]
[Result "1/2-1/2"]
[WhiteTitle "GM"]
[BlackTitle "GM"]
[WhiteElo "2508"]
[BlackElo "2590"]
[WhiteFideId "13312022"]
[BlackFideId "884189"]
[EventDate "2026.05.03"]

1. e4 e5 2. Nf3 Nc6 3. d4 exd4 4. Nxd4 Bc5 5. Nb3 Bb4+ 6. c3 Be7 7. c4 Bb4+ 8.
Bd2 a5 9. a3 Bxd2+ 10. Qxd2 Nf6 11. Nc3 O-O 12. Be2 Re8 13. f3 d6 14. O-O Nd7
15. Rfe1 a4 16. Nd4 Nc5 17. Rad1 Nxd4 18. Qxd4 f6 19. f4 Bd7 20. Bh5 g6 21. Nd5
Rf8 22. Bf3 c6 23. Nb4 Qe7 24. Qxd6 Qxd6 25. Rxd6 Be6 26. e5 Rad8 27. g4 Rd7 28.
Rxd7 Nxd7 29. exf6 Rxf6 30. Bxc6 bxc6 31. g5 Rxf4 32. Rxe6 Rxc4 33. Kf2 c5 34.
Nc6 Nb6 35. Re8+ Kf7 36. Re7+ Kg8 37. Re8+ Kf7 38. Re7+ Kg8 39. Nd8 Nd5 40. Re5
Nf4 41. Re8+ Kg7 42. Re7+ Kg8 43. Kf3 Nd5 44. Re5 Rf4+ 45. Kg3 Rd4 46. Re8+ Kg7
47. Ne6+ Kf7 48. Nxd4 Kxe8 49. Nb5 Kd7 50. Kf3 Nb6 51. Nc3 Ke6 52. Ke4 Kd6 53.
Nb5+ Kc6 54. Nc3 Kd6 55. h3 Ke6 56. h4 Kd6 57. Nb5+ Kc6 58. Nc3 Kd6 1/2-1/2

[Event "Sardinia World Open A"]
[Site "Orosei ITA"]
[Date "2026.05.07"]
[Round "6.8"]
[White "Idani, Pouya"]
[Black "Yilmaz, Mustafa"]
[Result "1-0"]
[WhiteTitle "GM"]
[BlackTitle "GM"]
[WhiteElo "2594"]
[BlackElo "2549"]
[WhiteFideId "12510130"]
[BlackFideId "6302718"]
[EventDate "2026.05.03"]

1. e4 c5 2. Nf3 d6 3. d4 cxd4 4. Nxd4 Nf6 5. Nc3 a6 6. f3 e5 7. Nb3 Be6 8. Be3
h5 9. Be2 Nc6 10. O-O h4 11. h3 Rc8 12. f4 exf4 13. Rxf4 Be7 14. Nd5 Ne5 15.
Nxe7 Qxe7 16. Nd4 g5 17. Nf5 Bxf5 18. Rxf5 Nxe4 19. Bd3 Nxd3 20. cxd3 Ng3 21.
Bxg5 Qe6 22. Rf3 Rc5 23. Qa4+ Kf8 24. Re3 Re5 25. Rae1 Nf5 26. Rxe5 dxe5 27.
Qb4+ Kg7 28. Bf4 f6 29. d4 Kg6 30. dxe5 Re8 31. Qxb7 Qxa2 32. Qf3 Qe6 33. Qg4+
Kf7 34. Rf1 Rg8 35. Qh5+ Rg6 36. exf6 Qe4 37. Bg5 Nh6 38. Qxh4 Qd5 39. Rf2 Qxg5
40. Qc4+ Kf8 41. Qc8+ Kf7 42. Qd7+ Kf8 43. Qe7+ Kg8 44. f7+ Nxf7 45. Qxf7+ Kh8
46. Qf8+ 1-0

[Event "Sardinia World Open A"]
[Site "Orosei ITA"]
[Date "2026.05.07"]
[Round "6.9"]
[White "Saric, Ivan"]
[Black "Sai, Krishna G V"]
[Result "1/2-1/2"]
[WhiteTitle "GM"]
[BlackTitle "IM"]
[WhiteElo "2657"]
[BlackElo "2443"]
[WhiteFideId "14508150"]
[BlackFideId "5028280"]
[EventDate "2026.05.03"]

1. Nf3 Nf6 2. c4 g6 3. Nc3 Bg7 4. e4 d6 5. d4 O-O 6. Be2 e5 7. O-O Nc6 8. d5 Ne7
9. b4 Nh5 10. Re1 f5 11. a4 Nf6 12. a5 h6 13. Nd2 f4 14. c5 g5 15. h3 h5 16. Nf3
Bh6 17. Nh2 g4 18. hxg4 hxg4 19. Nxg4 Bg7 20. Ra3 Ng6 21. c6 Nh4 22. cxb7 Bxb7
23. g3 Ng6 24. Kg2 Nh7 25. Rh1 Ng5 26. Nh6+ Bxh6 27. Rxh6 Kg7 28. Rh5 Qf6 29.
Bg4 Rh8 30. a6 Rxh5 31. Bxh5 Bc8 32. Nb5 Nxe4 33. Qc2 fxg3 34. fxg3 Qf5 35. Bxg6
Kxg6 36. Nxc7 Rb8 37. Ne6 Bxe6 38. dxe6 Rc8 39. Qxc8 Qf2+ 40. Kh1 Qf1+ 41. Kh2
Qf2+ 42. Kh1 Qf1+ 43. Kh2 1/2-1/2

[Event "Sardinia World Open A"]
[Site "Orosei ITA"]
[Date "2026.05.07"]
[Round "6.10"]
[White "Karthikeyan, Murali"]
[Black "Averin, Nikolay"]
[Result "1-0"]
[WhiteTitle "GM"]
[BlackTitle "IM"]
[WhiteElo "2648"]
[BlackElo "2416"]
[WhiteFideId "5074452"]
[BlackFideId "24250473"]
[EventDate "2026.05.03"]

1. e4 c5 2. Nf3 d6 3. d4 cxd4 4. Nxd4 Nf6 5. Nc3 a6 6. h3 e5 7. Nb3 Be6 8. Be3
Be7 9. f4 exf4 10. Bxf4 O-O 11. Qf3 Nbd7 12. O-O-O Rc8 13. g4 g6 14. Kb1 Qc7 15.
Qg2 Ne5 16. Bc1 b5 17. g5 Nh5 18. Nd4 Nc6 19. Nxc6 Qxc6 20. Nd5 Bxd5 21. exd5
Qc5 22. h4 Rfe8 23. Rh3 Bf8 24. Ra3 Ra8 25. Rc3 Qb4 26. Qf2 Qg4 27. Rd4 Qd7 28.
Rdd3 Re5 29. Bh3 Qe7 30. Re3 Qa7 31. Qf3 Rae8 32. Bg4 Ng7 33. Rxe5 Rxe5 34. Re3
Qd4 35. Rd3 Qe4 36. Bf4 Qxf3 37. Bxf3 Re1+ 38. Rd1 Re8 39. c3 Nf5 40. h5 Bg7 41.
h6 Be5 42. Re1 Kf8 43. Bd2 f6 44. Kc2 Kf7 45. Kd3 Rc8 46. a4 fxg5 47. Bxg5 Bf6
48. Bd2 Rc7 49. axb5 axb5 50. Ra1 Be7 51. Be4 Ng3 52. Bf3 Nf5 53. Ra8 Bf8 54.
Be4 Ng3 55. Bxg6+ Kxg6 56. Rxf8 Nf5 57. Rg8+ Kf7 58. Rh8 Kg6 59. b4 Nxh6 60.
Bxh6 Kxh6 61. Rd8 Kg5 62. Rxd6 h5 63. Rb6 h4 64. Rxb5 Rh7 65. d6+ Kf6 66. Rd5
Rh8 67. d7 Rd8 68. Rh5 Rxd7+ 69. Kc2 Ke6 70. Rxh4 Kd5 1-0

[Event "Sardinia World Open A"]
[Site "Orosei ITA"]
[Date "2026.05.07"]
[Round "6.11"]
[White "Kuru, Atilla"]
[Black "Aditya, Mittal"]
[Result "1/2-1/2"]
[WhiteTitle "IM"]
[BlackTitle "GM"]
[WhiteElo "2464"]
[BlackElo "2619"]
[WhiteFideId "51607948"]
[BlackFideId "35042025"]
[EventDate "2026.05.03"]

1. Nf3 d5 2. g3 Nf6 3. Bg2 c5 4. c4 d4 5. b4 cxb4 6. a3 b3 7. Qxb3 Nc6 8. O-O e5
9. e3 Bc5 10. exd4 Nxd4 11. Nxd4 Bxd4 12. Bb2 O-O 13. Nc3 Be6 14. d3 Rb8 15. a4
Qd7 16. Ne4 Nxe4 17. Bxe4 f5 18. Bg2 f4 19. Rab1 Rf6 20. Be4 Bh3 21. Bd5+ Kh8
22. Bxd4 exd4 23. Rfe1 Rbf8 24. Rb2 Qg4 25. Qd1 Qg5 26. Bxb7 fxg3 27. hxg3 Rxf2
28. Rxf2 Qxg3+ 29. Rg2 Bxg2 30. Bxg2 Qf2+ 31. Kh2 Qh4+ 32. Kg1 Qf2+ 33. Kh2 Qh4+ 1/2-1/2

[Event "Sardinia World Open A"]
[Site "Orosei ITA"]
[Date "2026.05.07"]
[Round "6.12"]
[White "Sokolovsky, Yahli"]
[Black "Manukyan, Sargis A."]
[Result "1-0"]
[WhiteTitle "GM"]
[BlackTitle "FM"]
[WhiteElo "2564"]
[BlackElo "2376"]
[WhiteFideId "2820242"]
[BlackFideId "13303970"]
[EventDate "2026.05.03"]

1. e4 c5 2. Nf3 d6 3. d4 cxd4 4. Nxd4 Nf6 5. Nc3 g6 6. Be3 Bg7 7. f3 O-O 8. Qd2
Nc6 9. O-O-O d5 10. exd5 Nxd5 11. Nxc6 bxc6 12. Bd4 Bxd4 13. Qxd4 Qb6 14. Na4
Qa5 15. b3 Qc7 16. c4 Nb6 17. Nc5 a5 18. a4 e5 19. Qd6 Ra7 20. Ne4 Bf5 21. Nf6+
Kg7 22. g4 Nc8 23. Qxc7 Rxc7 24. Nxh7 Bxg4 25. Nxf8 Bxf3 26. Rd7 Rxd7 27. Nxd7
Bxh1 28. Nxe5 Nd6 29. Nd7 f5 30. c5 Nc8 31. Kd2 g5 32. Nb6 Na7 33. Nc4 f4 34. h3
Kf6 35. Nxa5 Ke5 36. b4 f3 37. Ke3 Bg2 38. Nc4+ Kd5 39. Nb6+ Ke5 40. Bxg2 fxg2
41. Kf2 Kd4 42. Kxg2 Kc3 43. Kg3 Kxb4 44. Nd7 Kxa4 45. Kg4 Nb5 46. Kxg5 Nd4 47.
h4 Ne6+ 48. Kf5 Ng7+ 49. Kg6 Ne6 50. h5 Nf4+ 51. Kg5 1-0